000 00773cam a22002294a 4500
005 20250826125622.0
008 250528s ||||||||||||||||||||||||d
035 _a21753
020 _a9780132392273
040 _aGR-AtMCL
_bgre
_dGR-AtMCL
_eAACR2
245 1 _aDISTRIBUTED SYSTEMS: PRINCIPLES AND PARADIGMS
250 _a2
260 _bPearson,
_c2007
300 _a686
505 0 _aARCHITECTURES PROCESSES COMMUNICATION NAMING SYNCHRONIZATION CONSISTENCY AND REPLICATION FAULT TOLERANCE SECURITY
520 _aARCHITECTURES PROCESSES COMMUNICATION NAMING SYNCHRONIZATION CONSISTENCY AND REPLICATION FAULT TOLERANCE SECURITY
700 1 _aSteen Van Maarten
_91900
700 1 _aTanenbaum, Andrew S.
_9838
942 _cBK
999 _c6812
_d6812